Foreign trade of the Dominican Republic, 1945-1955. (Record no. 51361)

MARC details
000 -LEADER
fixed length control field 00889cam a22002291 4500
001 - CONTROL NUMBER
control field pa 58000025
003 - CONTROL NUMBER IDENTIFIER
control field DLC
005 - DATE AND TIME OF LATEST TRANSACTION
control field 20260227111854.0
008 - FIXED-LENGTH DATA ELEMENTS--GENERAL INFORMATION
fixed length control field 810223s1957 dcua i000 0 eng c
010 ## - LIBRARY OF CONGRESS CONTROL NUMBER
LC control number pa 58000025
035 ## - SYSTEM CONTROL NUMBER
System control number (OCoLC)7148828
040 ## - CATALOGING SOURCE
Original cataloging agency Pan American Union
Transcribing agency WEU
Modifying agency WEU
-- DLC
042 ## - AUTHENTICATION CODE
Authentication code premarc
050 00 - LIBRARY OF CONGRESS CALL NUMBER
Classification number HF152
Item number .P3
245 00 - TITLE STATEMENT
Title Foreign trade of the Dominican Republic, 1945-1955.
260 ## - PUBLICATION, DISTRIBUTION, ETC.
Place of publication, distribution, etc. Washington,
Date of publication, distribution, etc. 1957.
300 ## - PHYSICAL DESCRIPTION
Extent iv, 40 p.
Other physical details tables
Dimensions 27 cm.
490 1# - SERIES STATEMENT
Series statement International trade of the American States : Bulletin / Pan American Union, Office of Statistics ;
Volume/sequential designation no. 4
500 ## - GENERAL NOTE
General note At head of title: Organization of American States. Inter-American Economic and Social Council.
651 #0 - SUBJECT ADDED ENTRY--GEOGRAPHIC NAME
Geographic name Dominican Republic
General subdivision Commerce.
810 2# - SERIES ADDED ENTRY--CORPORATE NAME
Corporate name or jurisdiction name as entry element Pan American Union.
Subordinate unit Office of Statistics.
Title of a work International trade of the American States : Bulletin ;
Volume/sequential designation no. 4.

No items available.

Powered by Koha